Nekalá súťaž v súvislostiach autorského a mediálneho práva
Súvislosti autorského práva a mediálneho práva s otázkami ochrany proti nekalej súťaži v slovenskej legislatíve. Skutková podstata nekalej súťaže podľa paragrafu 51 Obchodného zákonníka - porušenie obchodného tajomstva. Pokračovanie v budúcom čísle.
Guardado en:
| Autor principal: | |
|---|---|
| Formato: | Capítulo de libro |
| Lenguaje: | eslovaco |
| Materias: | |
| Etiquetas: |
Sin Etiquetas, Sea el primero en etiquetar este registro!
|
MARC
| LEADER | 00000naa a2200000 4500 | ||
|---|---|---|---|
| 001 | r042394 | ||
| 005 | 20230529124701.5 | ||
| 041 | 0 | |a slo | |
| 044 | |a SK | ||
| 245 | 1 | 0 | |a Nekalá súťaž v súvislostiach autorského a mediálneho práva |c Ján Švidroň |
| 520 | |a Súvislosti autorského práva a mediálneho práva s otázkami ochrany proti nekalej súťaži v slovenskej legislatíve. Skutková podstata nekalej súťaže podľa paragrafu 51 Obchodného zákonníka - porušenie obchodného tajomstva. Pokračovanie v budúcom čísle. | ||
| 610 | 2 | 0 | |a súťaž nekalá |
| 610 | 2 | 0 | |a právo autorské |
| 610 | 2 | 0 | |a médiá |
| 610 | 2 | 0 | |a legislatíva |
| 610 | 2 | 0 | |a Slovensko |
| 610 | 2 | 0 | |a právo obchodné |
| 610 | 2 | 0 | |a tajomstvo obchodné |
| 100 | 1 | |a Švidroň, Ján | |